Capitaine du Bayern Munich - Statistiques

Statistiques générales
  • Ce quiz a été pris 77 fois
  • Le résultat moyen est 13 sur 36
Statistiques - réponses
année capitaine % Correct
2025 Manuel Neuer
100%
2024 Manuel Neuer
100%
2023 Manuel Neuer
100%
2022 Manuel Neuer
100%
2021 Manuel Neuer
100%
2020 Manuel Neuer
100%
2019 Manuel Neuer
100%
2018 Manuel Neuer
100%
2017 Manuel Neuer
100%
2007 Oliver Kahn
62%
2006 Oliver Kahn
62%
2005 Oliver Kahn
62%
2004 Oliver Kahn
62%
2003 Oliver Kahn
62%
2002 Oliver Kahn
62%
2016 Philipp Lahm
12%
2015 Philipp Lahm
12%
2014 Philipp Lahm
12%
2013 Philipp Lahm
12%
2012 Philipp Lahm
12%
2011 Philipp Lahm
12%
1990 Klaus Augenthaler
0%
1996 Lothar Matthäus
0%
1995 Lothar Matthäus
0%
1994 Lothar Matthäus
0%
2010 Mark Van Bommel
0%
2009 Mark Van Bommel
0%
2008 Mark Van Bommel
0%
1993 Raimond Aumann
0%
1992 Raimond Aumann
0%
1991 Raimond Aumann
0%
2001 Stefan Effenberg
0%
2000 Stefan Effenberg
0%
1999 Stefan Effenberg
0%
1998 Thomas Helmer
0%
1997 Thomas Helmer
0%
Aucun quiz correspondant
Distribution des résultats
% des personnes avec chaque résultat
Percentile par nombre de réponses
Votre historique - résultats
Vous n’avez pas pris ce quiz